000 00599nam a22001697a 4500
999 _c60991
_d60991
005 20201124141110.0
008 201124b ||||| |||| 00| 0 eng d
020 _a978-3-00-046677-9
040 _cSTAFF
_dSTAFF
100 _98
_aBrückner, Heinrich
245 _aVon der Reifung des Gewissens
_bAus meinen Kinder- und Jugendjahren 1928-1948 vor dem Hintergrund totalitärer Machtstrukturen
_cHeinrich Brückner
250 _a2. erg. Auflage
_b2015
260 _aFrankfurt (Oder)
_bEigenverlag des Autors
_c2015
300 _a193 Seiten
_bIll.
942 _2z
_cBK